Commentary on the consumer protection act / (Record no. 37785)

MARC details
000 -LEADER
fixed length control field 00836nam a22002177a 4500
005 - DATE AND TIME OF LATEST TRANSACTION
control field 20100726155155.0
010 ## - LCCN (DPL NO)
LC control number ENG-96896
020 ## - INTERNATIONAL STANDARD BOOK NUMBER
International Standard Book Number 9788175348349
Terms of availability 1450.00
035 ## - SYSTEM CONTROL NUMBER
System control number EN-80429
037 ## - SOURCE OF ACQUISITION
Source of stock number/acquisition DBAD/PUB
082 ## - DEWEY DECIMAL CLASSIFICATION NUMBER
Classification number 343.54071
100 ## - MAIN ENTRY--PERSONAL NAME
Personal name Barowalia, J.N.
245 ## - TITLE STATEMENT
Title Commentary on the consumer protection act /
Statement of responsibility, etc by J.N. Barowalia; foreword by Justice M.B. Shah
250 ## - EDITION STATEMENT
Edition statement 4th ed
260 ## - PUBLICATION, DISTRIBUTION, ETC. (IMPRINT)
Place of publication, distribution, etc Delhi
Name of publisher, distributor, etc Universal Law Publishing
Date of publication, distribution, etc 2010
270 ## - ADDRESS
Address C-FF-1A, Dilkhush Industrial Estate, G.T. Karnal Road,
City Delhi
Postal code 110033
300 ## - PHYSICAL DESCRIPTION
Extent xciv, 1454p.
Dimensions 25cm, (Hb)
500 ## - GENERAL NOTE
General note includes index
942 ## - ADDED ENTRY ELEMENTS (KOHA)
Source of classification or shelving scheme Dewey Decimal Classification
Item type English Books
Edition 4th ed
Classification part 343.54071
Call number suffix BAR
Holdings
Withdrawn status Lost status Not for loan Collection code Home library Current library Date acquired Source of acquisition Cost, normal purchase price Full call number Barcode Copy number Cost, replacement price Koha item type
    Not For Loan Non-fiction D.B.Act.Division Central Library 26/07/2010 DBAD/PUB 1450.00 343.54071 BAR EN-80429 1 1450.00 English Books

© Delhi Public Library
Hit Counter
free hit counter